000 00596nam a2200241Ia 4500
003 OSt
005 20220924151155.0
006 a|||||r|||| 00| 0
007 ta
008 220923b |||||||| |||| 00| 0 tel d
020 _c12
024 _a336467
037 _cTextual
040 _aARTS
_cARTS
_btel
041 _2tel
_atel
082 _aO35,3NSA12,5, M3
100 _aRao Samba Siva
_9219976
245 0 _aPrematutabha ram
260 _c1983
650 _aTELUGU FICTION
942 _hO35,3NSA12,5, M3
_cTEXL
_2CC
999 _c465757
_d465757